000 00565nam a2200205Ii 4500
001 4254
003 CO-ViMGA
008 241108s9999||||xx |||||||||||||| ||und||
040 _aCO-ViMGA
_bspa
_erda
_cCO-ViMGA
041 0 _aspa
082 0 4 _a513 S598
100 1 _aFrancesco Severi
_946920
245 1 0 _aElementos de Geometría
264 1 _aMadrid, España : Labor, 1962
300 _avolumen
336 _atext
_btxt
_2rdacontent
337 _aunmediated
_bn
_2rdamedia
338 _avolume
_bnc
_2rdacarrier
940 _aidficha_siabuc: 4160. -- ficha_no_siabuc:4254
999 _c41499
_d41499